000 00417nam a2200157Ia 4500
008 210210b1972 xxu||||| |||| 00| 0 eng d
020 _a0 395 12535 9
082 _a306.8 KEPF
100 _aKEPHART (William M).
245 _afamily, society, and the individual. Ed 3.
250 _a
260 _aBoston.
_bHoughton Mifflin Company.,
_c1972
300 _aviii,628
690 _aMarriage & Family
906 _a041066
999 _c91022
_d91022